Curso de política constitucional
Αποθηκεύτηκε σε:
| Κύριος συγγραφέας: | |
|---|---|
| Μορφή: | Βιβλίο |
| Γλώσσα: | Ισπανικά |
| Έκδοση: |
Burdeos
Lawalle
1821
|
| Θέματα: | |
| Ετικέτες: |
Προσθήκη ετικέτας
Δεν υπάρχουν, Καταχωρήστε ετικέτα πρώτοι!
|
MARC
| LEADER | 00000nam a2200000 a 4500 | ||
|---|---|---|---|
| 001 | UCS2209 | ||
| 003 | CL-VaPUC | ||
| 008 | 970523e18210000fr |||||||||||||||||spa|d | ||
| 082 | 0 | 4 | |a 342 |b CON |2 21 |
| 100 | |a Constant, Benjamin |e autor |9 604951 | ||
| 245 | 1 | 0 | |a Curso de política constitucional |
| 300 | |a 3 v | ||
| 942 | |c BK | ||
| 945 | |d 19970523 00:00:00 |a paguirre | ||
| 260 | |a Burdeos |b Lawalle |c 1821 | ||
| 650 | 0 | |a Constituciones |9 255417 | |
| 650 | 0 | |a Derechos civiles y políticos |9 338684 | |
| 650 | 0 | |a Soberanía |9 266726 | |
| 650 | 0 | |a Monarquía |9 255259 | |
| 650 | 7 | |a SISTEMAS POLITICOS |2 CL-VaPUC |9 387343 | |
| 650 | 0 | |a Administración pública |9 255343 | |
| 583 | |a last modification |c 20171120 02:49:37 |k Rodrigo Vera | ||
| 999 | |c 260187 |d 260185 | ||
| 952 | |0 0 |1 0 |4 0 |6 342_000000000000000_CON_1821 |7 0 |8 X |9 286078 |a BIBDER |b BIBDER |d 2019-11-19 |h v.1 |i 1859552 |o 342 CON 1821 |p 1859552 |r 2023-01-25 |w 2019-11-19 |y BK_X |k DER | ||
| 952 | |0 0 |1 0 |4 0 |6 342_000000000000000_CON_1821 |7 0 |8 X |9 286079 |a BIBDER |b BIBDER |d 2019-11-19 |h v.2 |i 1859560 |o 342 CON 1821 |p 1859560 |r 2023-01-25 |w 2019-11-19 |y BK_X |k DER | ||
| 952 | |0 0 |1 0 |4 0 |6 342_000000000000000_CON_1821 |7 0 |8 X |9 286080 |a BIBDER |b BIBDER |d 2019-11-19 |h v.3 |i 1859579 |o 342 CON 1821 |p 1859579 |r 2023-01-25 |w 2019-11-19 |y BK_X |k DER | ||